000 00460nam a22001697a 4500
003 NUST - PNEC
005 20170116181144.0
008 151008b xxu||||| |||| 00| 0 eng d
020 _a0195772261
040 _cLIBRARY
082 _a954.9 FEL
100 _912291
_aFeldman, Herbert
245 _aThe end and the beginning : Pakistan, 1969-1971
_cHerbert Feldman
260 _c1976
650 _912579
_aPolitics and government
_xGeneral
942 _2ddc
_cBK
999 _c70617
_d70617